<?xml version="1.0" encoding="UTF-8"?><?xml-stylesheet type="text/xsl" href="static/style.xsl"?><OAI-PMH xmlns="http://www.openarchives.org/OAI/2.0/" xmlns:xsi="http://www.w3.org/2001/XMLSchema-instance" xsi:schemaLocation="http://www.openarchives.org/OAI/2.0/ http://www.openarchives.org/OAI/2.0/OAI-PMH.xsd"><responseDate>2026-04-27T21:27:25Z</responseDate><request verb="GetRecord" identifier="oai:uvadoc.uva.es:10324/37384" metadataPrefix="marc">https://uvadoc.uva.es/oai/request</request><GetRecord><record><header><identifier>oai:uvadoc.uva.es:10324/37384</identifier><datestamp>2021-06-30T01:18:29Z</datestamp><setSpec>com_10324_38</setSpec><setSpec>col_10324_852</setSpec></header><metadata><record xmlns="http://www.loc.gov/MARC21/slim" xmlns:doc="http://www.lyncode.com/xoai" xmlns:xsi="http://www.w3.org/2001/XMLSchema-instance" xmlns:dcterms="http://purl.org/dc/terms/" xsi:schemaLocation="http://www.loc.gov/MARC21/slim http://www.loc.gov/standards/marcxml/schema/MARC21slim.xsd">
<leader>00925njm 22002777a 4500</leader>
<datafield tag="042" ind1=" " ind2=" ">
<subfield code="a">dc</subfield>
</datafield>
<datafield tag="720" ind1=" " ind2=" ">
<subfield code="a">Salicio Cecilia, Laura</subfield>
<subfield code="e">author</subfield>
</datafield>
<datafield tag="260" ind1=" " ind2=" ">
<subfield code="c">2019</subfield>
</datafield>
<datafield tag="520" ind1=" " ind2=" ">
<subfield code="a">En la actualidad se celebran numerosos festivales a nivel nacional. El objetivo de este trabajo es contextualizar este tipo de eventos mediante un acercamiento al concepto "festival" y un breve recorrido por los más importantes del mundo y de España a lo largo de la historia.&#xd;
Además, se lleva a cabo, un estudio de caso de uno de los festivales más representativos del país, el Arenal Sound. El análisis de varios aspectos relacionados con su organización nos permite saber qué elementos son necesarios para realizar un festival de estas dimensiones y cuáles son las claves de su éxito.</subfield>
</datafield>
<datafield tag="024" ind2=" " ind1="8">
<subfield code="a">http://uvadoc.uva.es/handle/10324/37384</subfield>
</datafield>
<datafield tag="245" ind1="0" ind2="0">
<subfield code="a">Planificación, organización y creatividad en un evento musical: Arenal Sound Festival</subfield>
</datafield>
</record></metadata></record></GetRecord></OAI-PMH>